Dinge mit B - Statistiken

Allgemein
  • Dieses Quiz wurde 182 mal gespielt
  • Das Durchschnittsergebnis liegt bei 22 aus 32
Antwortstatistiken
Bildquiz Antwort % Korrekt
Blau
100%
Bohnen
99%
Bier
96%
Bremer Stadtmusikanten
96%
Bus
96%
Badewanne
94%
Baumhaus
93%
Benjamin Blümchen
93%
BMW
89%
Baden-Württemberg
87%
Bach
86%
Berlin
85%
Bingo
82%
Bud Spencer
79%
Bitcoin
77%
Bagel
75%
Big Mac
72%
Britney Spears
64%
Bleigießen
63%
Bernhardiner
62%
Bill Gates
61%
Bollywood
61%
Banana Split
55%
Budapest
54%
Brotaufstrich
47%
Butterblume
46%
Bolt
39%
Bami Goreng
35%
Brunft
35%
Becherglas
26%
Bruchschokolade
20%
Baldrian
4%
Keine übereinstimmenden Quizze gefunden
Verteilung der Resultate
Anzahl Personen mit jedem Resultat
Perzentil nach korrekt beantworteten Fragen
Ihre Resultats-Entwicklung
Sie haben dieses Quiz noch nicht gespielt